[Event "Bad Breisig op"]
[Site "?"]
[Date "2000.??.??"]
[Round "3"]
[White "Zoefel, Peter"]
[Black "Becher, Helmut"]
[Result "1/2-1/2"]
[WhiteElo "2091"]
[BlackElo "2221"]
[Annotator "ChessOrg"]
[PlyCount "43"]

1. d4 d5 2. Nf3 Nf6 3. e3 Bf5 4. Bd3 e6 5. Bxf5 exf5 6. Qd3 Qc8 7. O-O c6 8. c4
Na6 9. a3 Nc7 10. Nc3 Be7 11. Bd2 Ne4 12. cxd5 Nxc3 13. Bxc3 Nxd5 14. Rac1 Qe6
15. Rfe1 Qe4 16. Qe2 O-O 17. Nd2 Qh4 18. Nf3 Qh5 19. Ne5 Qxe2 20. Rxe2 Bd6 21.
Nc4 Bc7 22. g3 1/2-1/2

[Event "Bad Breisig op"]
[Site "?"]
[Date "2000.??.??"]
[Round "4"]
[White "Becher, Helmut"]
[Black "Hagen, Peter"]
[Result "1/2-1/2"]
[WhiteElo "2221"]
[BlackElo "2085"]
[Annotator "ChessOrg"]
[PlyCount "23"]

1. e4 c5 2. c3 d6 3. d4 Nf6 4. f3 cxd4 5. cxd4 e5 6. dxe5 dxe5 7. Qxd8+ Kxd8 8.
Bc4 Bb4+ 9. Bd2 Bxd2+ 10. Nxd2 Ke7 11. Ne2 Rd8 12. O-O-O 1/2-1/2

[Event "Bad Breisig op"]
[Site "?"]
[Date "2000.??.??"]
[Round "4"]
[White "Hahner, Anton"]
[Black "Zingler, Max"]
[Result "1/2-1/2"]
[WhiteElo "1799"]
[BlackElo "1994"]
[Annotator "ChessOrg"]
[PlyCount "51"]

1. d4 Nf6 2. Nf3 g6 3. c4 Bg7 4. Nc3 O-O 5. e4 d6 6. Be2 Nc6 7. d5 Ne5 8. Nxe5
dxe5 9. Be3 e6 10. Qd2 exd5 11. cxd5 Qe7 12. O-O Rd8 13. Qc2 Bd7 14. Rfd1 Ne8
15. Rac1 c5 16. f3 b6 17. Bb5 Nd6 18. Bxd7 Qxd7 19. b3 f5 20. Bg5 Rf8 21. Qd2
fxe4 22. fxe4 Rf7 23. Rf1 Raf8 24. Qe2 Rxf1+ 25. Rxf1 Rxf1+ 26. Kxf1 1/2-1/2

[Event "Bad Breisig op"]
[Site "?"]
[Date "2000.??.??"]
[Round "4"]
[White "Schwertel, Hans"]
[Black "Gruenig, Siegfried"]
[Result "1-0"]
[WhiteElo "2019"]
[BlackElo "1863"]
[Annotator "ChessOrg"]
[PlyCount "35"]

1. f4 d5 2. Nf3 g6 3. d3 Nf6 4. g3 Bg7 5. c3 O-O 6. Qc2 Nbd7 7. e4 dxe4 8. dxe4
Nc5 9. Nbd2 Bg4 10. Ne5 c6 11. b4 Na6 12. Ndc4 Be6 13. Ne3 Qc7 14. Bc4 Bxc4 15.
N3xc4 Nd7 16. Nxd7 Nxb4 17. cxb4 Qxd7 18. Bb2 1-0

[Event "Bad Breisig op"]
[Site "?"]
[Date "2000.??.??"]
[Round "4"]
[White "Reinke, Kurt"]
[Black "Meyer, Marco"]
[Result "1-0"]
[WhiteElo "1817"]
[BlackElo "1576"]
[Annotator "ChessOrg"]
[PlyCount "63"]

1. d4 Nf6 2. Nf3 g6 3. c4 Bg7 4. Nc3 O-O 5. e4 d6 6. Be2 e5 7. d5 Nbd7 8. Bg5
h6 9. Bd2 Nc5 10. Qc2 a5 11. Rb1 Ne8 12. Na4 Nxe4 13. Be3 f5 14. Bd3 N4f6 15.
Be2 f4 16. Bd2 Bf5 17. Qc1 Bxb1 18. Qxb1 g5 19. g3 fxg3 20. hxg3 e4 21. Nd4 Qd7
22. Nc3 Ng4 23. Ne6 Nxf2 24. Nxf8 Qf7 25. Rf1 Bd4 26. Nxe4 Qxf8 27. Nxf2 Bxf2+
28. Rxf2 Qe7 29. Bc3 Ng7 30. Qg6 Re8 31. Bxg7 Qxg7 32. Qxe8+ 1-0

[Event "Bad Breisig op"]
[Site "?"]
[Date "2000.??.??"]
[Round "4"]
[White "Lueker, Horst"]
[Black "Zoefel, Peter"]
[Result "1/2-1/2"]
[WhiteElo "1912"]
[BlackElo "2091"]
[Annotator "ChessOrg"]
[PlyCount "66"]

1. f4 d5 2. Nf3 Nf6 3. e3 e6 4. Be2 Bd6 5. O-O Nbd7 6. b3 e5 7. fxe5 Nxe5 8.
Bb2 Nxf3+ 9. Bxf3 Be7 10. Nc3 c6 11. Ne2 O-O 12. Ng3 Be6 13. Kh1 Qd7 14. e4
dxe4 15. Nxe4 Nxe4 16. Bxe4 f5 17. Bf3 Bf6 18. d4 Rad8 19. c3 Rf7 20. Qc2 g6
21. Rad1 Bd5 22. c4 Bxf3 23. Rxf3 Re7 24. Qf2 Rde8 25. Qg1 Re2 26. Rf2 Qe7 27.
Bc3 Re4 28. Rff1 Qg7 29. Ba1 Rd8 30. Rfe1 Rxe1 31. Qxe1 Qf7 32. h3 Re8 33. Qf2
Qe7 1/2-1/2

[Event "Bad Breisig op"]
[Site "?"]
[Date "2000.??.??"]
[Round "4"]
[White "Dunkel, Horst"]
[Black "Heyne, Manfred"]
[Result "1/2-1/2"]
[WhiteElo "1611"]
[BlackElo "1644"]
[Annotator "ChessOrg"]
[PlyCount "82"]

1. Nf3 d5 2. d4 Nf6 3. e3 e6 4. c4 c6 5. Nc3 Nbd7 6. Bd3 dxc4 7. Bxc4 b5 8. Bd3
a6 9. O-O Bb7 10. Qe2 c5 11. dxc5 Nxc5 12. Bc2 Be7 13. Rd1 Qc7 14. Bd2 O-O 15.
Rac1 Rac8 16. a3 Qb8 17. Be1 Nfd7 18. Nb1 Nb6 19. Bc3 Ne4 20. Be5 Qa8 21. Bxe4
Bxe4 22. Nbd2 Bd5 23. Ne1 Nc4 24. Nxc4 Bxc4 25. Qg4 g6 26. Bc3 Rfd8 27. Qf3
Qxf3 28. Nxf3 Rxd1+ 29. Rxd1 Rd8 30. Rxd8+ Bxd8 31. Nd2 Bd5 32. e4 Bc6 33. Kf1
Bb6 34. f3 Kf8 35. Ke2 Ke7 36. Nb3 Kd7 37. Bb4 a5 38. Nxa5 Bxa5 39. Bxa5 Kd6
40. Bc3 e5 41. Bb4+ Ke6 1/2-1/2

[Event "Bad Breisig op"]
[Site "?"]
[Date "2000.??.??"]
[Round "4"]
[White "Beckmann, Arne"]
[Black "Niebaum, Karl"]
[Result "1/2-1/2"]
[WhiteElo "1745"]
[BlackElo "1834"]
[Annotator "ChessOrg"]
[PlyCount "47"]

1. e4 c5 2. Nf3 Nf6 3. Nc3 d5 4. exd5 Nxd5 5. Bc4 Nb6 6. Bb5+ Bd7 7. Bxd7+
N8xd7 8. d4 cxd4 9. Qxd4 Nf6 10. O-O Qxd4 11. Nxd4 Nfd5 12. Nxd5 Nxd5 13. c4
Nb6 14. b3 a6 15. Be3 Nd7 16. Nf5 e6 17. Ng3 Bc5 18. Bxc5 Nxc5 19. Rad1 Rd8 20.
Rxd8+ Kxd8 21. Rd1+ Ke7 22. b4 Nd7 23. Ne4 Nf6 24. Nxf6 1/2-1/2

[Event "Bad Breisig op"]
[Site "?"]
[Date "2000.??.??"]
[Round "4"]
[White "Warlo, Franz"]
[Black "Schmidt, Waldemar"]
[Result "0-1"]
[WhiteElo "1684"]
[BlackElo "1946"]
[Annotator "ChessOrg"]
[PlyCount "108"]

1. e4 c5 2. f4 Nc6 3. Nf3 g6 4. c3 Bg7 5. d3 Nf6 6. Be3 b6 7. h3 Nh5 8. g4 Ng3
9. Rg1 Nxf1 10. Rxf1 Bb7 11. Na3 h5 12. g5 d5 13. exd5 Qxd5 14. Nc2 O-O-O 15.
Qe2 Ba6 16. c4 Qf5 17. O-O-O Qxh3 18. Rh1 Qe6 19. Qf2 Bb7 20. Rhe1 Qd7 21. d4
cxd4 22. Nfxd4 Nxd4 23. Nxd4 Qa4 24. b3 Qa3+ 25. Qb2 Qc5 26. Qf2 Qa3+ 27. Qb2
Qxb2+ 28. Kxb2 e5 29. fxe5 Bxe5 30. Bf2 Rhe8 31. Rf1 Bg7 32. Kc1 a6 33. Nc2
Rxd1+ 34. Rxd1 Re6 35. c5 bxc5 36. Bxc5 f5 37. Rf1 h4 38. Rf2 Be5 39. Nd4 Bxd4
40. Bxd4 h3 41. Rh2 Bg2 42. Kd2 f4 43. a3 f3 44. Be3 Kd7 45. b4 Rd6+ 46. Ke1
Rd3 47. Kf2 Rxa3 48. Bc5 Ra2+ 49. Kg3 Ke6 50. Bd4 Kf5 51. Be3 Re2 52. Bb6 Kxg5
53. Ba7 Kf5 54. Bb6 Ke4 0-1

[Event "Bad Breisig op"]
[Site "?"]
[Date "2000.??.??"]
[Round "4"]
[White "Peters, Frank"]
[Black "Bischoff, Dieter"]
[Result "1/2-1/2"]
[WhiteElo "2070"]
[BlackElo "2188"]
[Annotator "ChessOrg"]
[PlyCount "22"]

1. d4 Nf6 2. g3 g6 3. Bg2 Bg7 4. e4 d6 5. Ne2 O-O 6. O-O c5 7. c3 Qc7 8. h3
Nbd7 9. Be3 Rb8 10. f4 b5 11. e5 Ne8 1/2-1/2

[Event "Bad Breisig op"]
[Site "?"]
[Date "2000.??.??"]
[Round "4"]
[White "Boeven, Manfred"]
[Black "Schork, Stefan"]
[Result "1/2-1/2"]
[WhiteElo "2122"]
[BlackElo "2198"]
[Annotator "ChessOrg"]
[PlyCount "25"]

1. d4 Nf6 2. Nc3 d5 3. Bg5 Nbd7 4. Nf3 e6 5. e3 c5 6. Ne5 Qa5 7. Bb5 Ne4 8.
Nxd7 Bxd7 9. Bxd7+ Kxd7 10. Bf4 Nxc3 11. bxc3 Qxc3+ 12. Ke2 cxd4 13. exd4
1/2-1/2

[Event "Bad Breisig op"]
[Site "?"]
[Date "2000.??.??"]
[Round "4"]
[White "Luebbers, Doris"]
[Black "Hagen, Alexander"]
[Result "1/2-1/2"]
[WhiteElo "1263"]
[BlackElo "1100"]
[Annotator "ChessOrg"]
[PlyCount "45"]

1. d4 d5 2. Nf3 Nf6 3. e3 c5 4. c4 Nc6 5. Nc3 e6 6. b3 Bd6 7. Bb2 O-O 8. cxd5
exd5 9. Be2 Bg4 10. O-O Re8 11. a3 cxd4 12. Nxd4 Nxd4 13. Qxd4 Bxe2 14. Nxe2
Be5 15. Qd2 Qd6 16. Bxe5 Qxe5 17. Nd4 Ng4 18. g3 Qh5 19. Nf3 Re6 20. h4 Rf6 21.
Kg2 h6 22. Rh1 Rc8 23. Raf1 1/2-1/2

[Event "Bad Breisig op"]
[Site "?"]
[Date "2000.??.??"]
[Round "5"]
[White "Neerforth, Philipp"]
[Black "Schwertel, Hans"]
[Result "1/2-1/2"]
[WhiteElo "1803"]
[BlackElo "2019"]
[Annotator "ChessOrg"]
[PlyCount "68"]

1. d4 d5 2. c3 c6 3. Bf4 Bf5 4. Nf3 Nd7 5. e3 e6 6. Nbd2 h6 7. Nb3 Ngf6 8. Bd3
Ne4 9. Ne5 Ndf6 10. f3 Nd6 11. O-O Bxd3 12. Qxd3 Nh5 13. Ng6 Nxf4 14. Nxf4 Be7
15. e4 O-O 16. Nd2 Bg5 17. g3 Bxf4 18. gxf4 Qh4 19. f5 Rad8 20. fxe6 fxe6 21.
e5 Nf5 22. f4 Kh8 23. Kh1 Qg4 24. Rf2 Nh4 25. Rg1 Qf5 26. Qg3 g5 27. Rff1 Rg8
28. fxg5 Qxg5 29. Qf2 Qe7 30. Rxg8+ Rxg8 31. Qf6+ Qg7 32. Qxg7+ Kxg7 33. Rg1+
Kf7 34. Rf1+ Kg7 1/2-1/2

[Event "Bad Breisig op"]
[Site "?"]
[Date "2000.??.??"]
[Round "5"]
[White "Zoefel, Peter"]
[Black "Peters, Frank"]
[Result "1/2-1/2"]
[WhiteElo "2091"]
[BlackElo "2070"]
[Annotator "ChessOrg"]
[PlyCount "39"]

1. d4 g6 2. Nf3 Bg7 3. e3 Nf6 4. Bd3 O-O 5. Nbd2 d6 6. O-O Nc6 7. c3 e5 8. Re1
Qe7 9. e4 Nh5 10. d5 Nb8 11. Nf1 Nd7 12. Be3 Qe8 13. Bc2 a5 14. a4 Kh8 15. Qd2
f5 16. exf5 gxf5 17. Bh6 Qg6 18. Bxg7+ Qxg7 19. Qg5 Ndf6 20. Qxg7+ 1/2-1/2

[Event "Bad Breisig op"]
[Site "?"]
[Date "2000.??.??"]
[Round "5"]
[White "Lueker, Horst"]
[Black "Beckmann, Arne"]
[Result "1-0"]
[WhiteElo "1912"]
[BlackElo "1745"]
[Annotator "ChessOrg"]
[PlyCount "67"]

1. e4 e5 2. Nf3 Nc6 3. c3 Nf6 4. d4 exd4 5. e5 Nd5 6. cxd4 d6 7. Bb5 Bd7 8. O-O
Be7 9. exd6 cxd6 10. Nc3 Nxc3 11. bxc3 O-O 12. h3 d5 13. Re1 Ne5 14. Bf1 Nxf3+
15. Qxf3 Be6 16. Bd3 Re8 17. Bb5 Rf8 18. Ba4 Qa5 19. Bb3 Rac8 20. Bd2 Ba3 21.
Rab1 Rfd8 22. Re2 Qa6 23. g4 Kh8 24. Bc2 Bd6 25. a4 Bb8 26. Qd3 Qxd3 27. Bxd3
b6 28. Ba6 Rc6 29. Bb5 Rc7 30. Kg2 Bd7 31. Bf4 Rcc8 32. Bxb8 Rxb8 33. Re7 Bxb5
34. axb5 1-0

[Event "Bad Breisig op"]
[Site "?"]
[Date "2000.??.??"]
[Round "5"]
[White "Hagen, Peter"]
[Black "Woeltge, Carsten"]
[Result "1-0"]
[WhiteElo "2085"]
[BlackElo "1933"]
[Annotator "ChessOrg"]
[PlyCount "69"]

1. e4 e6 2. Nc3 d5 3. Nf3 Nf6 4. e5 Nfd7 5. d4 c5 6. dxc5 Nc6 7. Bf4 Bxc5 8.
Bd3 a6 9. O-O h6 10. Bg3 b5 11. Qe2 Nb4 12. Rad1 Nxd3 13. Qxd3 Bb7 14. Nd4 Qb6
15. Nb3 Qc7 16. Nxc5 Nxc5 17. Qe3 b4 18. Ne2 Ne4 19. Nd4 Qc4 20. Nb3 a5 21. f3
Nxg3 22. hxg3 a4 23. Rd4 Qb5 24. Nd2 Ba6 25. Rc1 Rc8 26. Rg4 g6 27. Rh4 g5 28.
Rg4 a3 29. bxa3 Rc3 30. a4 Qxa4 31. Qxc3 bxc3 32. Rxa4 cxd2 33. Rd1 Bc8 34.
Rxd2 O-O 35. Ra8 1-0

[Event "Bad Breisig op"]
[Site "?"]
[Date "2000.??.??"]
[Round "5"]
[White "Schmidt, Waldemar"]
[Black "Hahner, Anton"]
[Result "1-0"]
[WhiteElo "1946"]
[BlackElo "1799"]
[Annotator "ChessOrg"]
[PlyCount "35"]

1. d4 d5 2. g3 Nf6 3. Bg2 c6 4. Nf3 g6 5. O-O Bg7 6. Nbd2 Nbd7 7. c4 e6 8. a4
O-O 9. b4 dxc4 10. Nxc4 Nb6 11. Nfe5 Nfd7 12. f4 f6 13. Nxd7 Bxd7 14. Na5 Rb8
15. e4 Be8 16. Bb2 Bf7 17. Qc2 Qd7 18. Nb3 1-0

[Event "Bad Breisig op"]
[Site "?"]
[Date "2000.??.??"]
[Round "5"]
[White "Boeven, Manfred"]
[Black "Reinke, Kurt"]
[Result "1-0"]
[WhiteElo "2122"]
[BlackElo "1817"]
[Annotator "ChessOrg"]
[PlyCount "63"]

1. d4 d5 2. Nc3 c6 3. Qd3 Nf6 4. Bg5 Qd6 5. O-O-O g6 6. f3 Bg7 7. e4 dxe4 8.
fxe4 Ng4 9. e5 Qc7 10. Qd2 h5 11. Nf3 Be6 12. h3 Nh6 13. d5 cxd5 14. Nxd5 Bxd5
15. Qxd5 O-O 16. Bc4 Nc6 17. Qe4 Nf5 18. Bf4 Na5 19. Bxf7+ Rxf7 20. e6 Bxb2+
21. Kxb2 Qb6+ 22. Ka1 Rf6 23. Rhe1 Rd8 24. Rxd8+ Qxd8 25. Bg5 Nd6 26. Qd3 Rf5
27. g4 Nb3+ 28. cxb3 Ra5 29. Qxg6+ Kh8 30. Qxh5+ Kg8 31. Qg6+ Kh8 32. Bd2 1-0

[Event "Bad Breisig op"]
[Site "?"]
[Date "2000.??.??"]
[Round "5"]
[White "Hildebrand, Stephan"]
[Black "Hagen, Alexander"]
[Result "1-0"]
[WhiteElo "1301"]
[BlackElo "1100"]
[Annotator "ChessOrg"]
[PlyCount "55"]

1. d4 d5 2. c4 c5 3. dxc5 d4 4. e3 e5 5. Nf3 Nc6 6. exd4 exd4 7. Be2 Bxc5 8.
O-O Nf6 9. Bg5 O-O 10. Re1 Re8 11. a3 a5 12. Qb3 Bg4 13. Nbd2 Qd7 14. Bxf6 gxf6
15. Rad1 Re7 16. Kf1 Kh8 17. Ng1 Rg8 18. Bxg4 Qxg4 19. g3 Re5 20. Qxb7 Nd8 21.
Qf3 Qe6 22. Qd3 Re8 23. Ndf3 Rxe1+ 24. Rxe1 Qd7 25. Rxe8+ Qxe8 26. Qf5 Qc6 27.
Ne2 Qe6 28. Qxc5 1-0

[Event "Bad Breisig op"]
[Site "?"]
[Date "2000.??.??"]
[Round "5"]
[White "Boidman, Yuri"]
[Black "Schork, Stefan"]
[Result "1-0"]
[WhiteElo "2422"]
[BlackElo "2199"]
[Annotator "ChessOrg"]
[PlyCount "71"]

1. e4 c5 2. Nf3 d6 3. d4 cxd4 4. Qxd4 Nc6 5. Bb5 Bd7 6. Bxc6 Bxc6 7. Nc3 Nf6 8.
Bg5 e6 9. O-O-O Be7 10. Qd3 Qa5 11. h4 Rc8 12. Nd4 O-O 13. f4 h6 14. Kb1 b5 15.
e5 dxe5 16. fxe5 Nd5 17. Nxd5 Bxg5 18. Nxc6 Rxc6 19. hxg5 exd5 20. gxh6 Rxh6
21. Rxh6 gxh6 22. e6 Qb6 23. exf7+ Rxf7 24. Qxd5 Kg7 25. Qe5+ Kh7 26. a3 Qc6
27. g4 a6 28. g5 Rg7 29. gxh6 Qxh6 30. Qf5+ Qg6 31. Rh1+ Kg8 32. Qc8+ Kf7 33.
Rf1+ Ke7 34. Qc7+ Ke6 35. Re1+ Kf5 36. Qe5+ 1-0

[Event "Bad Breisig op"]
[Site "?"]
[Date "2000.??.??"]
[Round "6"]
[White "Mann, Klaus-Dieter"]
[Black "Lueker, Horst"]
[Result "1-0"]
[WhiteElo "1916"]
[BlackElo "1912"]
[Annotator "ChessOrg"]
[PlyCount "61"]

1. e4 e6 2. d4 d5 3. Nc3 Nf6 4. e5 Nfd7 5. f4 c5 6. Nf3 Nc6 7. Ne2 cxd4 8.
Nexd4 Nxd4 9. Nxd4 Nc5 10. c3 Bd7 11. Be2 Be7 12. O-O O-O 13. Bf3 Rc8 14. Re1
a6 15. Qe2 Kh8 16. Kh1 Rg8 17. g4 g6 18. Be3 Qe8 19. Rg1 Bf8 20. Rg2 Bg7 21.
Bf2 Bb5 22. Qe3 Qe7 23. Bg3 Bh6 24. h4 Bd7 25. Rh2 b5 26. h5 g5 27. f5 Nb7 28.
f6 Qd8 29. Bd1 Qb6 30. b4 Nd8 31. Bc2 1-0

[Event "Bad Breisig op"]
[Site "?"]
[Date "2000.??.??"]
[Round "6"]
[White "Woeltge, Carsten"]
[Black "Zoefel, Peter"]
[Result "1-0"]
[WhiteElo "1933"]
[BlackElo "2091"]
[Annotator "ChessOrg"]
[PlyCount "39"]

1. d4 d5 2. Nf3 Nf6 3. c4 e6 4. Nc3 c6 5. cxd5 exd5 6. Bg5 Bd6 7. e3 Nbd7 8.
Bd3 O-O 9. Qc2 h6 10. Bh4 a5 11. a3 b5 12. Ne2 Bb7 13. Bf5 Qb6 14. g4 g5 15.
Bg3 Bxg3 16. Nxg3 Kg7 17. Bxd7 Nxd7 18. Nh5+ Kg8 19. Qf5 Bc8 20. Nxg5 1-0

[Event "Bad Breisig op"]
[Site "?"]
[Date "2000.??.??"]
[Round "6"]
[White "Schwertel, Hans"]
[Black "Boeven, Manfred"]
[Result "0-1"]
[WhiteElo "2019"]
[BlackElo "2122"]
[Annotator "ChessOrg"]
[PlyCount "136"]

1. d4 d5 2. Nf3 Bf5 3. Bf4 e6 4. e3 Nf6 5. Nbd2 Nbd7 6. Be2 Be7 7. O-O O-O 8.
c4 c6 9. Rc1 Re8 10. cxd5 exd5 11. Ne5 Nxe5 12. Bxe5 Bd6 13. Bg3 Bxg3 14. hxg3
Qb6 15. Qb3 Bg4 16. Bf3 h5 17. Rc3 Qa6 18. a3 Re6 19. Qc2 Rae8 20. Nb3 Nd7 21.
Re1 Qb6 22. Qd1 f5 23. Nc5 Nxc5 24. dxc5 Qc7 25. Qd4 h4 26. Qf4 Qxf4 27. gxf4
Bxf3 28. gxf3 d4 29. Rd3 dxe3 30. fxe3 Kf7 31. Rd7+ R8e7 32. Rxe7+ Rxe7 33. Kf2
Rd7 34. Ke2 Rd5 35. b4 Rd8 36. Rh1 Rh8 37. e4 Ke6 38. Ke3 Kf6 39. Rh2 fxe4 40.
fxe4 g5 41. Kf3 gxf4 42. Kxf4 h3 43. e5+ Ke6 44. Kg3 Kxe5 45. Re2+ Kd5 46. Kh2
Rh7 47. Re3 Kc4 48. Rg3 Kb5 49. Re3 a5 50. Re4 Rd7 51. bxa5 Rd3 52. Rb4+ Kxc5
53. Rxb7 Rxa3 54. a6 Rxa6 55. Kxh3 Ra8 56. Kg3 Re8 57. Rb1 Kd4 58. Rd1+ Ke3 59.
Re1+ Kd2 60. Re6 Rc8 61. Kf2 c5 62. Rd6+ Kc2 63. Ke2 Re8+ 64. Kf3 c4 65. Ra6 c3
66. Rc6 Kd2 67. Rg6 Re3+ 68. Kf2 c2 0-1

[Event "Bad Breisig op"]
[Site "?"]
[Date "2000.??.??"]
[Round "6"]
[White "Peters, Frank"]
[Black "Hagen, Peter"]
[Result "1/2-1/2"]
[WhiteElo "2070"]
[BlackElo "2085"]
[Annotator "ChessOrg"]
[PlyCount "71"]

1. d4 d5 2. g3 e6 3. Bg2 f5 4. Nh3 Nf6 5. O-O Bd6 6. Bf4 O-O 7. c4 c6 8. Qc2
Qe7 9. Nd2 Nbd7 10. Rac1 Ne4 11. f3 Nxd2 12. Qxd2 dxc4 13. Rxc4 e5 14. dxe5
Nxe5 15. Rcc1 Be6 16. Kh1 Bxa2 17. Rfd1 Bc7 18. Qc3 Bf7 19. Be3 Nc4 20. Bg5 Qe5
21. Qb4 Nb6 22. Bf4 Qxe2 23. Bxc7 Nd5 24. Qxb7 Ne3 25. Nf4 Qf2 26. Rg1 Nxg2 27.
Rxg2 Qxf3 28. Qxc6 Qxc6 29. Rxc6 g5 30. Rc5 gxf4 31. gxf4+ Bg6 32. h4 Kf7 33.
Be5 Rfc8 34. Rb5 Ke6 35. Rd2 Rd8 36. Rxd8 1/2-1/2

[Event "Bad Breisig op"]
[Site "?"]
[Date "2000.??.??"]
[Round "6"]
[White "Hahner, Anton"]
[Black "Linke, Kersten"]
[Result "1-0"]
[WhiteElo "1799"]
[BlackElo "1800"]
[Annotator "ChessOrg"]
[PlyCount "89"]

1. d4 f5 2. c4 Nf6 3. Nc3 g6 4. g3 Bg7 5. Bg2 O-O 6. Nf3 d6 7. O-O Qe8 8. Re1
c6 9. b3 Ne4 10. Bb2 Na6 11. Rc1 Bh6 12. e3 Bg7 13. Qc2 Nxc3 14. Bxc3 Bd7 15.
Rcd1 d5 16. c5 Qb8 17. Bf1 Nc7 18. Ne5 Be6 19. f4 Ne8 20. b4 Qc7 21. b5 Bxe5
22. dxe5 cxb5 23. Qb3 a6 24. Bg2 Qxc5 25. Bb4 Qb6 26. Bxd5 Ng7 27. Bxe7 Rfe8
28. Bxe6+ Qxe6 29. Qxe6+ Nxe6 30. Bd6 Rac8 31. e4 Rc2 32. exf5 gxf5 33. a3 Kf7
34. Bb4 Rd8 35. Rd6 Rc6 36. Red1 Rdc8 37. Rd7+ Kg6 38. Rxb7 Rc1 39. Rbd7 Kh5
40. h3 h6 41. Kf2 R1c2+ 42. Kf3 Nc5 43. Rg7 Ne4 44. g4+ Kh4 45. gxf5 1-0

[Event "Bad Breisig op"]
[Site "?"]
[Date "2000.??.??"]
[Round "6"]
[White "Hagen, Alexander"]
[Black "Meyer, Marco"]
[Result "0-1"]
[WhiteElo "1100"]
[BlackElo "1576"]
[Annotator "ChessOrg"]
[PlyCount "112"]

1. d4 Nf6 2. Nf3 g6 3. e3 Bg7 4. Bd3 d6 5. O-O Nbd7 6. Nbd2 O-O 7. e4 e5 8. c3
c6 9. Re1 Nh5 10. d5 Nc5 11. Bc2 Bg4 12. b4 Na6 13. h3 Bd7 14. Nc4 cxd5 15.
exd5 Bb5 16. Bd3 f5 17. Bf1 Rc8 18. Qb3 Nf6 19. Ne3 Bxf1 20. Rxf1 f4 21. Nd1
Nh5 22. Bb2 e4 23. Nd2 Re8 24. Re1 Nf6 25. c4 Qc7 26. Rc1 Qb6 27. a3 Nc7 28.
Bxf6 Bxf6 29. Nxe4 Kf7 30. Nb2 Nxd5 31. cxd5 Rxc1 32. Nxd6+ Qxd6 33. Rxc1 Bxb2
34. Rc7+ Re7 35. Rxe7+ Kxe7 36. Qxb2 Qxd5 37. Qg7+ Qf7 38. Qxf7+ Kxf7 39. g4
Ke6 40. Kg2 g5 41. Kf3 Kd5 42. h4 h6 43. hxg5 hxg5 44. a4 Kd4 45. b5 Kd3 46. a5
b6 47. axb6 axb6 48. Kg2 Kc4 49. Kf3 Kxb5 50. Ke4 Kc5 51. Kf5 b5 52. Kxg5 b4
53. Kxf4 b3 54. g5 b2 55. g6 b1=Q 56. g7 Qh7 0-1

[Event "Bad Breisig op"]
[Site "?"]
[Date "2000.??.??"]
[Round "7"]
[White "Hagen, Peter"]
[Black "Mann, Klaus-Dieter"]
[Result "1/2-1/2"]
[WhiteElo "2085"]
[BlackElo "1916"]
[Annotator "ChessOrg"]
[PlyCount "74"]

1. e4 e5 2. Bb5 a6 3. Ba4 b5 4. Bb3 d6 5. d4 exd4 6. Qxd4 Bb7 7. Qd3 Nd7 8. Nc3
Nc5 9. Qe2 Nxb3 10. axb3 Nf6 11. Bg5 Be7 12. O-O-O O-O 13. Nf3 Nd7 14. h4 h6
15. Bf4 Re8 16. Rh3 Bf6 17. Nd5 Bxd5 18. Rxd5 Qe7 19. Nd2 Ne5 20. g4 Qe6 21.
Bxe5 dxe5 22. Nf1 Red8 23. Ne3 c6 24. Rxd8+ Rxd8 25. Nf5 Kf8 26. g5 g6 27. gxf6
gxf5 28. exf5 Qxf6 29. Rd3 Rxd3 30. Qxd3 Qxh4 31. Qd6+ Kg7 32. Qxe5+ Qf6 33.
Qe4 Qd6 34. Qg4+ Kf6 35. Qh4+ Kxf5 36. Qh5+ Ke4 37. Qh1+ Kf5 1/2-1/2

[Event "Bad Breisig op"]
[Site "?"]
[Date "2000.??.??"]
[Round "7"]
[White "Boeven, Manfred"]
[Black "Peters, Frank"]
[Result "1/2-1/2"]
[WhiteElo "2122"]
[BlackElo "2070"]
[Annotator "ChessOrg"]
[PlyCount "48"]

1. d4 g6 2. e4 Bg7 3. Nc3 c6 4. Bc4 d6 5. Qf3 e6 6. Nge2 Qe7 7. a4 a5 8. h4 Nf6
9. Bg5 h6 10. Bf4 e5 11. dxe5 dxe5 12. Be3 Nbd7 13. g4 Nc5 14. g5 hxg5 15. hxg5
Rxh1+ 16. Qxh1 Nh5 17. Qf3 Ne6 18. Bxe6 Bxe6 19. O-O-O Qb4 20. Kb1 Bc4 21. Bd2
Qc5 22. Be3 Qb4 23. Bd2 Qe7 24. Be3 Qb4 1/2-1/2

[Event "Bad Breisig op"]
[Site "?"]
[Date "2000.??.??"]
[Round "7"]
[White "Hagen, Alexander"]
[Black "Dunkel, Horst"]
[Result "0-1"]
[WhiteElo "1100"]
[BlackElo "1611"]
[Annotator "ChessOrg"]
[PlyCount "40"]

1. d4 Nf6 2. Nf3 e6 3. e3 Bb4+ 4. Bd2 Bxd2+ 5. Nbxd2 b6 6. Bd3 O-O 7. O-O d5 8.
e4 dxe4 9. Nxe4 Nbd7 10. Re1 Bb7 11. Nxf6+ Nxf6 12. Bc4 Bxf3 13. Qxf3 Qxd4 14.
b3 Qg4 15. Qc6 Qf4 16. Rad1 Ng4 17. f3 Qxh2+ 18. Kf1 Qh1+ 19. Ke2 Qxg2+ 20. Kd3
Nf2+ 0-1

[Event "Bad Breisig op"]
[Site "?"]
[Date "2000.??.??"]
[Round "7"]
[White "Schmidt, Waldemar"]
[Black "Peters, Paul"]
[Result "1-0"]
[WhiteElo "1946"]
[BlackElo "1900"]
[Annotator "ChessOrg"]
[PlyCount "73"]

1. d4 Nf6 2. c4 e6 3. Qc2 Nc6 4. Nf3 Nb4 5. Qd1 c5 6. Nc3 b6 7. d5 exd5 8. cxd5
d6 9. a3 Na6 10. e4 Nc7 11. Be3 Ng4 12. Bf4 f6 13. h3 Ne5 14. Nh4 g6 15. Bg3
Bg7 16. f4 Nf7 17. Be2 O-O 18. Nf3 f5 19. e5 dxe5 20. fxe5 Re8 21. Bh4 g5 22.
e6 gxh4 23. exf7+ Kxf7 24. O-O Bxc3 25. bxc3 Qxd5 26. Qxd5+ Nxd5 27. Bc4 Bb7
28. Nxh4 Re5 29. Nxf5 Kg6 30. Nd6 Bc6 31. Bd3+ Kh5 32. Nf7 Re7 33. Rf5+ Kh4 34.
Kh2 Rg8 35. g4 Nf4 36. Rxf4 Rf8 37. Rf5 1-0

[Event "Bad Breisig op"]
[Site "?"]
[Date "2000.??.??"]
[Round "7"]
[White "Janzen, Christian"]
[Black "Hahner, Anton"]
[Result "1/2-1/2"]
[WhiteElo "1678"]
[BlackElo "1799"]
[Annotator "ChessOrg"]
[PlyCount "109"]

1. d4 Nf6 2. Nf3 g6 3. g3 Bg7 4. Bg2 O-O 5. O-O d5 6. Nbd2 Nbd7 7. Re1 c6 8. c3
Re8 9. Qc2 e5 10. dxe5 Nxe5 11. Nxe5 Rxe5 12. e3 Bf5 13. Qd1 Qd7 14. Nf3 Re7
15. Nd4 Bh3 16. Qe2 Bxg2 17. Kxg2 Rae8 18. Bd2 Ne4 19. Rad1 Ng5 20. Rg1 Bxd4
21. cxd4 h5 22. f4 Ne4 23. Bc1 Nd6 24. Rge1 Nf5 25. Qf3 Re4 26. Kf2 Qe6 27. Re2
Kg7 28. h3 Nh6 29. Kg2 Nf5 30. Kf2 Rh8 31. Kg2 f6 32. Rde1 b6 33. b4 Rc8 34.
Bb2 Re8 35. Kf2 Nd6 36. g4 hxg4 37. hxg4 Rh8 38. Kg3 Qg8 39. Rh2 Re8 40. Rxh8
Qxh8 41. Rh1 Qg8 42. Rh2 Qe6 43. Re2 Qe4 44. Qxe4 Rxe4 45. Kf3 a6 46. Rc2 f5
47. Rxc6 fxg4+ 48. Kxg4 Nc4 49. Bc1 Kf7 50. Kf3 Re7 51. a4 Re6 52. Rxe6 Kxe6
53. e4 dxe4+ 54. Kxe4 Nd6+ 55. Kd3 1/2-1/2

[Event "Bad Breisig op"]
[Site "?"]
[Date "2000.??.??"]
[Round "8"]
[White "Bischoff, Dieter"]
[Black "Hagen, Peter"]
[Result "1/2-1/2"]
[WhiteElo "2188"]
[BlackElo "2085"]
[Annotator "ChessOrg"]
[PlyCount "36"]

1. d4 f5 2. Nc3 d5 3. Bg5 c6 4. e3 Nd7 5. Bd3 Ndf6 6. f3 Qa5 7. a3 e6 8. Nge2
Bd6 9. O-O Bd7 10. Qe1 Qc7 11. Bf4 e5 12. dxe5 Bxe5 13. Qg3 Bxf4 14. exf4 g6
15. Kh1 O-O-O 16. b4 Ne7 17. Qf2 Kb8 18. Na4 h6 1/2-1/2